| 000 | 00633nam a22001937a 4500 | ||
|---|---|---|---|
| 005 | 20171113141847.0 | ||
| 010 | _aENG-121317 | ||
| 020 |
_a8187301279 _c500.00 |
||
| 035 | _aEN-104849 | ||
| 037 | _bDBAD/PUB | ||
| 082 | _a658.3 | ||
| 100 | _aUmachandran, Krishan | ||
| 245 |
_aHuman resource accounting : _cby Krishnan Umachandran [and] P.Amuthalakshmi _bquality & quantity / |
||
| 260 |
_aChennai _bArmoise Trustt _c2009 |
||
| 270 |
_aTamil Puduvai, No.22, Car Street, Pillaichavady, _bChennai _e605014 |
||
| 300 |
_a223 p. : _c22 cm (Pbk) _bill. |
||
| 700 | _aP. Amuthalakshmi | ||
| 942 |
_2ddc _cEN _h658.3 _mUMA |
||
| 999 |
_c147349 _d147349 |
||